Statistiken für Top 15 Länder mit Covid-19-Todesfällen - 16. Februar 2022

Klicken Sie hier um das Quiz zu spielen!

Allgemein

  • Dieses Quiz wurde 17 mal gespielt
  • Das Durchschnittsergebnis liegt bei 15 aus 26

Antwortstatistiken

Land% Korrekt
Brasilien
100%
Vereinigte Staaten
100%
Frankreich
94%
Russland
94%
Indien
88%
Italien
88%
Deutschland
82%
Mexiko
82%
Polen
76%
Vereinigtes
Königreich
71%
Argentinien
65%
Kolumbien
59%
Peru
59%
Tschechien
59%
Ungarn
53%
Indonesien
41%
Iran
41%
Rumänien
41%
Slowakei
41%
Slowenien
41%
Bulgarien
35%
Georgien
29%
Kroatien
29%
Litauen
29%
Bosnien und
Herzegowina
24%
Nordmazedonien
24%

Verteilung der Resultate

Perzentil nach korrekt beantworteten Fragen

Anzahl Personen mit jedem Resultat

Ihre Resultats-Entwicklung

Sie haben dieses Quiz noch nicht gespielt